Dějiny Československé akademie věd I. 1952-1962

Podrobná bibliografia
Hlavní autori: Franc, Martin, 1973- (Autor, Editor), Dvořáčková, Věra, 1980- (Autor, Editor)
Médium: Kniha
Jazyk:čeština
slovenčina
Fyzický popis:831 strán faksimile, fotografie, ilustrácie, portréty, tabuľky 27 cm
Vydavateľské údaje: Praha Academia 2019
ISBN:9788020030535
9788088304173
Vydanie:Vydání první
Edícia:Dějiny Akademie věd
Predmet:

MARC

LEADER 00000cam a2200000 4500
001 vtls011967106
003 SK-MaSNL
005 20260311142809.0
008 200518s2019 xr hoacgrbn 001 0dcze
015 |a SNBZSA2023/06 
020 |a 9788020030535  |q (Academia ;  |q viazané) 
020 |a 9788088304173  |q (Masarykův ústav a Archiv AV ČR, v.v.i. ;  |q viazané) 
040 |a SNK  |b slo  |c SNK  |e rda 
041 0 |a cze  |a slo  |b eng 
043 |a e-cs--- 
044 |a xr  |c CZ 
072 7 |a 00  |x Veda. Všeobecnosti. Základy vedy a kultúry. Vedecká práca  |2 konspekt 
080 |a 001.32  |2 2011 
080 |a 061(091)  |2 2011 
080 |a 001(091)  |2 2011 
080 |a 001:316.3  |2 2011 
080 |a 001:32  |2 2011 
080 |a (437)  |2 2011 
080 |a (437.3)  |2 2011 
080 |a (048.8:082)  |2 2011 
100 1 |a Franc, Martin,  |d 1973-  |4 aut  |4 edt  |9 135324 
245 1 0 |a Dějiny Československé akademie věd  |n I.  |p 1952-1962  |c Martin Franc, Věra Dvořáčková a kol. 
250 |a Vydání první 
264 1 |a Praha  |b Academia  |c 2019 
300 |a 831 strán  |b faksimile, fotografie, ilustrácie, portréty, tabuľky  |c 27 cm 
336 |a text  |b txt  |2 rdacontent 
336 |a statický obraz  |b sti  |2 rdacontent 
337 |a bez média  |b n  |2 rdamedia 
338 |a zväzok  |b nc  |2 rdacarrier 
490 1 |a Dějiny Akademie věd 
500 |a Obsahuje poznámky, zoznam vyobrazení a zoznam skratiek 
504 |a Bibliografia za jednotlivými príspevkami. Bibliografické odkazy. Menný register 
546 |a Anglické resumé. Čiastočný text v slovenčine 
610 2 7 |a Československá akademie věd  |2 SNKKA  |9 75602 
648 7 |a 1952-1962  |2 SNKPH  |9 398331 
648 7 |a 20. storočie  |2 SNKPH  |9 278343 
648 7 |a 20th century  |2 SNKPHeng  |9 277995 
650 0 7 |a akadémie vied  |2 SNKPH  |9 261078 
650 0 7 |a dejiny inštitúcií a organizácií  |2 SNKPH  |9 151736 
650 0 7 |a dejiny vedy  |2 SNKPH  |9 69770 
650 0 7 |a veda a spoločnosť  |2 SNKPH  |9 66939 
650 0 7 |a veda a politika  |2 SNKPH  |9 69220 
650 0 7 |a Academies of science  |2 SNKPHeng  |9 268177 
650 0 7 |a history of institutions and organizations  |2 SNKPHeng  |9 330978 
650 0 7 |a History of science  |2 SNKPHeng  |9 268178 
650 0 7 |a Science and civilization  |2 SNKPHeng  |9 319228 
650 0 7 |a Science and politics  |2 SNKPHeng  |9 411875 
651 7 |a Československo  |2 SNKPHgeo  |9 21376 
651 7 |a Czechoslovakia  |2 SNKPHeng  |9 265183 
655 7 |a kolektívne monografie  |2 SNKPH  |9 249850 
655 7 |a Collective monographs  |2 SNKPHeng  |9 125747 
700 1 |a Dvořáčková, Věra,  |d 1980-  |4 aut  |4 edt  |9 502809 
830 0 |a Dějiny Akademie věd  |9 670529 
852 |a Slovenská národná knižnica 
919 |a 978-80-200-3053-5 
919 |a 978-80-88304-17-3 
954 |a odborná, vedecká literatúra cudzojazyčná (svetová)  |2 lita 
954 |a odborná, vedecká literatúra pôvodná (slovenská)  |2 lita 
958 |a ZS 
958 |a NB 
999 |c 1037039  |d 1038969 
952 |a SNK  |b SNK  |y PREZ  |7 0  |p 17A1456919  |o snkSB 96955/1  |i snk2021/10732  |8 4  |g 13.29  |0 0  |1 0  |4 0  |d 2020-12-03  |f 1  |l 0  |r 2025-05-19 00:00:00  |w 2026-02-24 
952 |t snkFRA/1 001(091)  |a SNKUST  |b SNKUST  |y PREZ  |7 0  |p 17A1456920  |o snkSB 96955/1 D1  |i snk2021/10733  |8 4  |g 13.29  |0 0  |1 0  |4 0  |d 2020-12-03  |l 0  |r 2025-03-19 00:00:00  |w 2026-02-24